000
00288nam a22001337a 4500
008
170524b xxu||||| |||| 00| 0 eng d
020
_a
0132793806
041
_a
eng
080
_2
2ND
_a
621
100
_a
26
101
_a
IM
245
_a
ENGINEERING MECHANICS
_c
HIGDON
942
_2
udc
_c
BK
999
_c
14137
_d
14137